Statistics for Most followed on TikTok

Click here to take the quiz!

General Stats

  • This quiz has been taken 10 times
  • The average score is 3 of 20

Answer Stats

FollowersAnswer% Correct
148mCharli D'Amelio
100%
57mDixie D'Amelio
60%
152mKhabane Lame
40%
58mMrBeast
30%
66mTikTok
30%
89mAddison Rae
20%
92mBella Poarch
10%
54mBTS
10%
49mKylie Jenner
10%
72mWill Smith
10%
71mZach King
10%
65mBurak Özdemir
0%
61mDominik Lipa
0%
56mJason Derulo
0%
70mKimberly Loaiza
0%
54mLoren Gray
0%
52mMichael Le
0%
55mSpencer Polanco Knight
0%
63mThe Rock
0%
50mWon Jeong
0%

Score Distribution

Percentile by Number Answered

Percent of People with Each Score

Your Score History

You have not taken this quiz